| 000 | 01436nam a2200277Ia 4500 | ||
|---|---|---|---|
| 999 |
_c55981 _d55981 |
||
| 001 | 23080 | ||
| 003 | GE_BSU | ||
| 005 | 20230710121347.0 | ||
| 008 | 181216s2001||||ge |||||||||||||| ||geo|| | ||
| 040 | _cGE_BSU | ||
| 041 | _ageo | ||
| 080 | _a821.133.1-13 ს-50 | ||
| 245 |
_aსიმღერა როლანზე : _b ფრანგული საგმირო ეპოსის მიხედვით / _cპროექტის ავტ. თამარ ებრალიძე ; რედ. დალი გერმანიშვილი. |
||
| 264 |
_aთბილისი : _bლიტერა, _c2001. |
||
| 300 |
_a44გვ. : _bილ. ; _c20 სმ. |
||
| 490 | _aცივილიზაციათა დიალოგი : სერია "გმირები" | ||
| 541 | _h5 ლ. | ||
| 653 | _aსიმღერა როლანზე : ფრანგული საგმირო ეპოსის მიხედვით | ||
| 653 | _aშარლემანი | ||
| 653 | _a. ფრანგული საგმირო ეპოსი | ||
| 653 | _aსაგმირო ეპოსი ლიტერატურაში | ||
| 653 | _aარაბობა საქართველოში | ||
| 653 | _aკაროლინგები | ||
| 700 |
_aგერმანიშვილი, დალი _eრედაქტორი _95061 |
||
| 942 |
_cBK _2udc |
||